History Quiz

Random History or Capital Quiz
Score 0/18 Timer 07:00
5 Plays Today
Question Answer Wrong Answers
Where did Teddy Roosevelt make the first-ever diplomatic visit to in 1906 to check on the progress of a certain canal's construction? Panama City
95.2%
Amsterdam
1.2%
Cairo
1.9%
Santiago
0.9%
Where did William McKinley's wife, Ida, have all things yellow removed from the White House because she disliked the color? Washington, D.C.
91.7%
Ottawa
1.9%
Amsterdam
3.9%
London
2.2%
Where did President Coolidge become the only US President to step foot in this capital city since 1928 (until Obama visited in 2016)? Havana
88.6%
Pyongyang
5.6%
Harare
1.4%
Kampala
1.8%
Where did President Nixon and First Lady Pat Nixon attend a banquet held at the Kremlin during a summit in 1972? Moscow
87.7%
Kiev
2%
Warsaw
2.1%
Vilnius
0.7%
Where did Princes Harry and William host a dinner for Barack and Michelle Obama on August 22, 2016? London
86.1%
Canberra
1.6%
Copenhagen
1.5%
Stockholm
1.6%
Where did President Kennedy make a famous speech on the steps of the Rathaus Schöneberg city hall, a notable moment of the Cold War? Berlin
83.2%
Bern
2%
Vienna
5.1%
Prague
3%
Where did President Carter meet with President Anwar Sadat in 1979 to discuss the Camp David Agreement? Cairo
78.1%
New Delhi
5.4%
Kathmandu
2.9%
Ankara
5.6%
Where did Woodrow Wilson meet with Allied leaders King Victor Emmanuel III and Prime Minister Vittorio Orlando in 1919? Rome
61.8%
Asmara
3.7%
Monaco
22.4%
San Marino
9.9%
Where did President Ford give President Suharto the green light to invade Timor-Leste? Jakarta
61.7%
Manila
17.6%
Port Moresby
5.5%
Hanoi
7.4%
Where did Eisenhower attend the first-ever NATO summit at the Palais de Chaillot? Paris
61.5%
Brussels
26.6%
Bern
4.1%
Andorra la Vella
1.5%
Where did President Lyndon Johnson arrive at Ōhakea air base in 1966 to garner Kiwi support for the war in Vietnam? Wellington
60.2%
Canberra
11.2%
Port Moresby
9.2%
Suva
12.2%
Where did President Truman take the train to meet Prime Minister William Lyon Mackenzie King and tour Parliament? Ottawa
51%
Canberra
9.3%
Wellington
5%
London
29.3%
Where did President Hipólito Yrigoyen accompany Herbert Hoover to guarantee his safety after an attempted attack on the US President? Buenos Aires
49.8%
Brasília
21.9%
Port of Spain
18%
Panama City
6.4%
Where did George W. Bush visit a memorial to the 1994 genocide in which 800,000 Tutsis were murdered by Hutu extremists? Kigali
49.6%
Pretoria
8.6%
Maputo
16.2%
Khartoum
16.4%
Where did President Reagan and President Luis Alberto Monge both give toasts at a luncheon at the Casa Presidencial in 1982? San José
41.4%
Brasília
38.9%
Kingston
4.6%
Paramaribo
6.7%
Where did Sultan Haji Hassanal Bolkiah host former President Clinton at his Empire Hotel and donate several million dollars to the Clinton Foundation? Bandar Seri Begawan
40.7%
Cairo
6.2%
Mogadishu
12.3%
Muscat
31.8%
Where did Franklin D. Roosevelt make a trip to in 1943 as part of Allied diplomatic interactions during World War II? Tunis
28.1%
Tripoli
53.4%
Beirut
11.1%
Nouakchott
2.8%
Where did George H.W. Bush meet with President Wee Kim Wee and attend an ASEAN Business Council meeting in 1992? Singapore
18.1%
Tokyo
13.6%
Taipei
8.1%
Seoul
51.7%
Remove Ads.
Support Sporcle.
Get the best of Sporcle when you Go Orange. This ad-free experience offers more features, more stats, and more fun while also helping to support Sporcle. Thank you for becoming a member.

You're not logged in!

Compare scores with friends on all Sporcle quizzes.
OR
Log In

Show Comments

Extras

Top Quizzes Today


Score Distribution

Your Account Isn't Verified!

In order to create a playlist on Sporcle, you need to verify the email address you used during registration. Go to your Sporcle Settings to finish the process.

Report this User

Report this user for behavior that violates our Community Guidelines.

Details: